000 00510nam a2200193Ia 4500
005 20250507130251.0
008 008 250505s9999 xx 000 0 eng d
037 _aSeries Article
040 _aEASL
_beng
_cEASL
041 _aeng
_2eng
084 _qEASL
100 _aShoshin Kuwayama
_9670358
245 0 _aHow xuanzang learned about anlanda
260 _aIndia
_bNew delhi Sage Publications
_c2012
300 _a61-88
650 _aChina
942 _cSRA
999 _c1318667
_d1318667